| 000 | 00823cam a22001931 4500 | ||
|---|---|---|---|
| 082 | 0 | 0 |
_a690.540947 _bPRO _cL-14, P-94 |
| 100 | 1 |
_aPromyslov, Vladimir Fedorovich. _945302 |
|
| 245 | 1 | 0 |
_aMoscow in construction; _bindustrialized methods of building, _cby V. Promyslov. Translated from the Russian by B. Kuznetsov. |
| 260 |
_aMoscow, _bMir, _c1967. |
||
| 300 |
_a364 p. _billus. _c22 cm. |
||
| 500 | _aAbridged translation of Razvitie industrialʹnogo stroitelʹstva v Moske. | ||
| 526 |
_a0 _b0 _c0 _d690_540947000000000_PRO |
||
| 526 |
_a0 _b0 _c0 _d690_540947000000000_PRO |
||
| 650 | 0 |
_aBuilding _zRussia (Federation) _zMoscow. _945303 |
|
| 650 | 0 |
_aConstruction industry _zRussia (Federation) _zMoscow. _945304 |
|
| 650 | 0 |
_aIndustrialized building _zRussia (Federation) _zMoscow. _945305 |
|
| 650 | 0 |
_aMCE _9379 |
|
| 942 |
_2ddc _cBK |
||
| 999 |
_c548860 _d548860 |
||